000 01229cam a2200373 4500
999 _c371167
_d371167
001 273163477
003 DE-627
005 20211213143028.0
007 tu
008 990101s1994 gw ||||| b 00| ||ger c
020 _a3-412-05884-X
035 _a(DE-627)273163477
035 _a(DE-576)040597342
035 _a(DE-599)GBV273163477
035 _a(OCoLC)231631076
035 _a(OCoLC)31970932
035 _a(DE-604)809900982x
040 _bger
_cDE-2950
_erakwb
_dDE-2950
041 _ager
245 1 0 _aCivitatum communitatis :
_bStudien zum europäischen Städtewesen /
_chrsg. von Helmut Jäger
246 3 0 _aFestschrift für Heinz Stoob zum 65. Geburtstag.
264 1 _aKöln [u.a.]:
_bBöhlau,
_c1984.
300 _aXL, 904 Seiten [Teil I und II]
_bgraph. Darst., Kt.
336 _aText
_btxt
_2rdacontent
337 _aohne Hilfsmittel zu benutzen
_bn
_2rdamedia
338 _aBand
_bnc
_2rdacarrier
490 1 _aStädteforschung
_aReihe A, Darstellungen
_v21, I+II
500 _aFestschrift Heinz Stoob.
655 7 _aFestschrift
_2gnd-content
655 7 _aAufsatzsammlung
_2gnd-content
655 7 _aBibliografie
_2gnd-content
856 4 2 _mV:DE-576
_qtext/html
_3Inhaltsverzeichnis
942 _2z
_cB